Normal view
MARC view
- Internet Technologies
Entry Topical Term
001 - CONTROL NUMBER
- control field: 125394
003 - CONTROL NUMBER IDENTIFIER
- control field: NUST
005 - DATE AND TIME OF LATEST TRANSACTION
- control field: 20240827142846.0
008 - FIXED-LENGTH DATA ELEMENTS
- fixed length control field: 240827|| aca||aabn | a|a d
040 ## - CATALOGING SOURCE
- Original cataloging agency: NUST
- Transcribing agency: NUST
150 ## - HEADING--TOPICAL TERM
- Topical term or geographic name entry element: Internet Technologies
670 ## - SOURCE DATA FOUND
- Source citation: Work cat.: (NUST): S, K. Bansal 125393, Internet Technologies , 2001.
